Estadísticas para Banderas Antiguas

Haz click aquí para intentar la prueba.

Estadísticas generales

  • Esta prueba ha sido intentada 4.594 veces
  • La puntuación promedio es 10 de 16

Estadísticas de respuestas

Respuesta% Correcto
Corea
94%
Estados Unidos
93%
Unión Soviética
92%
Imperio Chino
82%
Francia
77%
Bangladés
75%
Texas
70%
Alemania Oriental
69%
España
69%
Etiopia
48%
Libia
47%
Sudáfrica
45%
Canadá
43%
Tíbet
39%
Tailandia
37%
Sacro Imperio Romano
33%

Distribución de puntuación

Porcentaje por número respondido

Porcentaje de gente con cada puntuación

Historial de tus puntuaciones

No has intentado esta prueba.